Statistics for Batman Actor & Voice Actor Quiz

Click here to take the quiz!

General Stats

  • This quiz has been taken 17 times
  • The average score is 17 of 55

Answer Stats

MoviesAnswer% Correct
Super Friends: The Legendary Super Powers Show, The Super Powers Team: Galactic Guardians, The New Adventures of Batman, AnimaniacsAdam West
100%
Batman: The Movie (1966), Batman: Return of the Caped Crusaders, Batman vs. Two-FaceAdam West
100%
Batman & RobinGeorge Clooney
100%
Batman Begins, The Dark Knight, Dark Knight RisesChristian Bale
93%
Batman ForeverVal Kilmer
93%
Batman v Superman: Dawn of Justice, Suicide Squad, Justice League, The FlashBen Affleck
86%
The Adventures of Batman & Robin, The Adventures of Batman & Robin Activity Center, Batman: Gotham City Racer, Batman: Vengeance, Batman: Rise of Sin Tzu, Batman: Arkham Asylum, DC Universe Online, Batman: Arkham City, Batman: Arkham City Lockdown, DC Universe Online: The Battle for Earth, Batman Arkham City: Harley Quinn's Revenge, DC Universe Online: Home Turf, Injustice: Gods Among Us, DC Universe Online: Origin Crisis, Infinite Crisis, Batman: Arkham Knight, Batman: Arkham Underworld, Batman: Arkham VR, Injustice 2, Lego DC Super-VillainsKevin Conroy
79%
Batman: Mask of the Phantasm, The Batman Superman Movie: World's Finest, Batman & Mr. Freeze: SubZero, Batman Beyond: The Movie, Batman Beyond: Return of the Joker, Batman: Mystery of the Batwoman, Justice League: Starcrossed, Batman: Gotham Knight, Superman/Batman: Public Enemies, Superman/Batman: Apocalypse, Justice League: Doom, Justice League: The Flashpoint Paradox (Bruce Wayne), Batman: Assault on Arkham, Batman: The Killing Joke, Batman and Harley Quinn, Justice League vs the Fatal FiveKevin Conroy
79%
Batman: The Animated Series, The New Batman Adventures, Superman: The Animated Series, Batman Beyond (Bruce Wayne), Static Shock, Justice League, Justice League Unlimited, Justice League Action Shorts, Justice League Action, Teen Titans Go!, Scooby-Doo and Guess Who?, BatwomanKevin Conroy
79%
Batman (1989), Batman Returns, The FlashMichael Keaton
71%
The Batman (2022)Robert Pattinson
71%
Unikitty!Will Arnett
57%
The Lego Movie Videogame, Lego Dimensions (The Lego Movie and The Lego Batman Movie), The Lego Movie 2 VideogameWill Arnett
57%
The Lego Batman MovieWill Arnett
57%
Batman: Under the Red Hood, Batman: Gotham by GaslightBruce Greenwood
29%
Young Justice, Young Justice: OutsidersBruce Greenwood
29%
Batman: The Brave and the Bold – The VideogameDiedrich Bader
29%
JLA Adventures: Trapped in TimeDiedrich Bader
29%
Batman: The Brave and the Bold, Harley QuinnDiedrich Bader
29%
Batman: The Long Halloween Part 1 and Part 2Jensen Ackles
29%
The Dark Knight Returns – Part 1 and Part 2Peter Weller
29%
Batman: Year OneBenjamin McKenzie
21%
Son of Batman, Batman vs. Robin, Batman: Bad Blood, Justice League: War, Justice League: Throne of Atlantis, Justice League Dark, Justice League Dark: Apokolips WarJason O'Mara
21%
Teen Titans Go! To the MoviesJimmy Kimmel
21%
The Batman (2004)Rino Romano
21%
The Batman vs. DraculaRino Romano
21%
Batman Unlimited: Animal Instincts, Batman Unlimited: Monster Mayhem, Batman Unlimited: Mechs vs. Mutants, Batman Ninja (English), Superman: Red SonRoger Craig Smith
21%
Batman: Arkham OriginsRoger Craig Smith
21%
Robot Chicken DC Comics Special, Robot Chicken DC Comics Special 2: Villains in Paradise, Robot Chicken DC Comics Special III: Magical FriendshipSeth Green
21%
DC Super Heroes Unite, Lego DC Comics Super Heroes: Batman Be-Leaguered, Lego DC Comics Super Heroes: Justice League vs. Bizarro League, Lego DC Comics Super Heroes: Justice League – Cosmic Clash, Lego DC Comics Super Heroes: The Flash, Lego DC Comics Super Heroes: Aquaman: Rage of Atlantis, Batman vs. Teenage Mutant Ninja Turtles, Lego DC: Shazam!: Magic and MonstersTroy Baker
21%
Batman: The Telltale Series, Batman: The Enemy Within, Lego Batman 2: DC Superheroes, Lego Dimensions,Troy Baker
21%
Justice League: Crisis on Two EarthsWilliam Baldwin
21%
Beware the BatmanAnthony Ruivivar
14%
Justice League: The New FrontierJeremy Sisto
14%
Batman (1943)Lewis Wilson
14%
Batman and RobinRobert Lowery
14%
Batman Beyond (Terry McGinnis)Will Friedle
14%
DC Super Friends: The Joker's PlayhouseDaran Norris
7%
Batman: Dark TomorrowJulian Fletcher
7%
Justice League: The Flashpoint Paradox (Thomas Wayne)Kevin McKidd
7%
New Teen TitansKevin Michael Richardson
7%
Batman Ninja (Japanese)Kōichi Yamadera
7%
Gotham KnightsMichael Antonakos
7%
Justice League: Gods and MonstersMichael C. Hall
7%
Super Friends (1973), The All-New Super Friends Hour, Challenge of the Superfriends, The World's Greatest SuperFriends, Super Friends (1980), The New Scooby-Doo Movies, Sesame Street, Superman (1968)Olan Soule
7%
Justice League HeroesRon Perlman
7%
Batman: The Lazarus SyndromeBob Sessions
0%
Tiny Toon AdventuresCharlie Adler
0%
JokerDante Pereira-Olson
0%
Mortal Kombat vs. DC UniverseDavid Gazanna
0%
LittleBigPlanet 2, LittleBigPlanet PS VitaGary Martin
0%
Batman: The Audio AdventuresJeffrey Wright
0%
DC Super Hero GirlsKeith Ferguson
0%
The Adventures of SupermanMatt Crowley
0%
Lego Batman: The Video GameSteve Blum
0%

Score Distribution

Percentile by Number Answered

Percent of People with Each Score

Your Score History

You have not taken this quiz